ბათუმის შოთა რუსთაველის სახელმწიფო უნივერსიტეტის ბიბლიოთეკა

ჩანაწერი Corporate Name

ჩანაწერთა რაოდენობა, რომელიც გამოყენებულია: 1

001 - CONTROL NUMBER

  • control field: 26855

003 - CONTROL NUMBER IDENTIFIER

  • control field: GE_BSU

005 - DATE AND TIME OF LATEST TRANSACTION

  • control field: 20260210113135.0

008 - FIXED-LENGTH DATA ELEMENTS

  • fixed length control field: 260210|| aca||aabn | a|a d

040 ## - CATALOGING SOURCE

  • Original cataloging agency: GE_BSU
  • Transcribing agency: GE_BSU

110 ## - HEADING--CORPORATE NAME

  • Corporate name or jurisdiction name as entry element: საქართველოს სსრ მეცნიერებათა აკადემია
  • Subordinate unit: კ. კეკელიძის სახელობის ხელნაწერთა ინსტიტუტი

670 ## - SOURCE DATA FOUND

  • Source citation: Work cat.: (GE_BSU)56410: გულბენკიანი, რობერტო 26851, ნამდვილი ცნობები საქართველოს დედოფლის ქეთევანის მოწამებრივი სიკვდილის შესახებ /